MARC

LEADER 00000nam0a2200000 4500
001 370054
005 20231102012237.0
035 |a (RuTPU)RU\TPU\retro\27462 
035 |a RU\TPU\retro\27461 
090 |a 370054 
100 |a 20220616d1976 k y0rusy50 ca 
101 0 |a rus 
102 |a RU 
105 |a a z 001zy 
200 1 |a Исследования в области разработки нефтяных месторождений и гидродинамики пласта  |e [сборник статей]  |f Всесоюзный нефтегазовый научно-исследовательский институт (ВНИИ) ; под ред. Г. Г. Вахитова 
210 |a Москва  |c Изд-во ВНИИ  |d 1976 
215 |a 209 с.  |c ил. 
225 1 |a Труды Всесоюзного нефтегазового научно-исследовательского института (ВНИИ)  |v Вып. 57 
320 |a Библиогр. в конце статей 
606 1 |a Нефтегазовые месторождения  |x Системы разработки  |x Эксплуатация  |2 stltpush  |3 (RuTPU)RU\TPU\subj\45562  |9 64757 
610 1 |a нефтегазовые залежи 
610 1 |a разработка месторождений 
610 1 |a технологические показатели 
610 1 |a методы расчета 
610 1 |a слоистые пласты 
610 1 |a вытеснение водой 
610 1 |a фильтрация 
610 1 |a приближенные методы 
610 1 |a обработка информации 
610 1 |a геолого-физические показатели 
610 1 |a тепловые методы 
610 1 |a влажное горение 
610 1 |a внутрипластовое горение 
675 |a 622.276  |v 3 
702 1 |a Вахитов  |b Г. Г.  |4 340 
712 0 2 |a Всесоюзный нефтегазовый научно-исследовательский институт (ВНИИ)  |c (Москва)  |c (1953-1987)  |2 stltpush  |3 (RuTPU)RU\TPU\col\11487 
801 1 |a RU  |b 63413507  |c 20141105 
801 2 |a RU  |b 63413507  |c 20221005  |g RCR 
942 |c BK